000 00714cas a2200241u| 4500
001 17432
003 BD-RjUL
005 20211209000134.0
008 140217s1961 enka |||||||||||| ||eng|
035 _a(BD-RjUL)17490
040 _aDLC
_cCarP
_dDLC
_dBD-RjUL
_beng
041 _aeng
082 0 0 _221
_a681.142
_bAUT 1961
245 0 0 _aAutomatic control and computer engineering /
_cEditor V. V. Solodovikov.
_nVolume I
260 _aOxford;
_aNew York :
_bPergamon Press,
_c1961.
300 _aix, 502 p. :
_billus. ;
_c26 cm.
650 0 _aAutomatic control.
_953706
650 0 _aComputers.
_953707
700 1 _a Solodovikov, V. V.
_953708
942 _2ddc
_cBK
999 _c17432
_d17432